[Event "Santiago Endesa 16"]
[Site "Santiago de Chile"]
[Date "2008.08.20"]
[Round "2"]
[White "Bombardiere Rosas, Eduardo"]
[Black "Iturrieta, Francisco"]
[Result "0-1"]
[WhiteElo "2280"]
[BlackElo "2131"]
[PlyCount "124"]
[EventDate "2008.08.18"]
[EventType "tourn"]
[EventRounds "11"]
[EventCountry "CHI"]
[SourceTitle "EXT 2012"]
[Source "ChessBase"]
[SourceDate "2011.11.24"]
[SourceVersion "1"]
[SourceVersionDate "2011.11.24"]
[SourceQuality "1"]

1. d4 Nf6 2. Nf3 e6 3. c4 d5 4. g3 Be7 5. Bg2 0-0 6. Nbd2 c6 7. Qc2 b6 8. 0-0 Bb7 9. e3 Nbd7 10. a3 c5 11. dxc5 Nxc5 12. b4 Nce4 13. Ne5 Rc8 14. Nxe4 Nxe4 15. Bxe4 dxe4 16. Bb2 Qc7 17. Rfd1 Rfd8 18. Rxd8+ Rxd8 19. Rd1 f6 20. Rxd8+ Qxd8 21. Qa4 fxe5 22. Qxa7 Bc6 23. Bxe5 Be8 24. h3 Bf6 25. Bxf6 gxf6 26. Qb7 f5 27. Kg2 Bh5 28. g4 Bg6 29. Qc6 Bf7 30. Kg3 Qd1 31. Qc8+ Kg7 32. Kg2 Qf3+ 33. Kg1 Qxh3 34. gxf5 exf5 35. Qc7 Qg4+ 36. Kf1 Qg6 37. Ke1 h5 38. c5 bxc5 39. bxc5 Kh6 40. Qf4+ Kh7 41. a4 Qg4 42. Qc7 Kg6 43. Qd6+ Kh7 44. Qe7 Qg1+ 45. Ke2 Qg7 46. Ke1 Bc4 47. Qxg7+ Kxg7 48. c6 Kf7 49. f4 Ke6 50. Kf2 Kd6 51. Kg3 Kxc6 52. Kh4 Kd7 53. Kxh5 Ke6 54. Kg6 Ba6 55. Kg7 Bc8 56. Kf8 Kd5 57. Ke7 Kc4 58. Kd8 Ba6 59. Kd7 Kd3 60. Ke6 Bc8+ 61. Kd6 Kxe3 62. Kc7 Ba6 0-1